Catalog

Record Details

Catalog Search



Freiheit und Wahn deutscher Arbeit : zur historischen Aktualität einer folgenreichen antisemitischen Projektion  Cover Image Book Book

Freiheit und Wahn deutscher Arbeit : zur historischen Aktualität einer folgenreichen antisemitischen Projektion / Holger Schatz, Andrea Woeldike

Record details

  • ISBN: 3-89771-805-7
  • Physical Description: 204 p. ; 21 cm
  • Publisher: Hamburg : Unrast, 2001

Content descriptions

Bibliography, etc. Note:
Includes bibliographical references (p. 193-204).

Available copies

  • 1 of 1 copy available at Common Catalog SPOK.

Holds

  • 0 current holds with 1 total copy.
Show Only Available Copies
Location Call Number / Copy Notes Barcode Shelving Location Status Due Date
Terezin Initiative Institute 3205 4594303205 Knihovna ITI Available -

LDR 01106cam a22003014a 4500
00149915
003CZ-PrJAB
00520221123094352.0
008010921s2001 gw b 000 0 ger
020 . ‡a3-89771-805-7
035 . ‡a(GyWOH)har000825794
040 . ‡aDLC ‡cDLC
1001 . ‡aSchatz, Holger, ‡d1967- ‡4aut
24510. ‡aFreiheit und Wahn deutscher Arbeit : ‡bzur historischen Aktualität einer folgenreichen antisemitischen Projektion / ‡cHolger Schatz, Andrea Woeldike
260 . ‡aHamburg : ‡bUnrast, ‡c2001
300 . ‡a204 p. ; ‡c21 cm
4901 . ‡aReihe antifaschistischer Texte ; ‡vBd. 9
504 . ‡aIncludes bibliographical references (p. 193-204).
7001 . ‡aWoeldike, Andrea, ‡d1963- ‡4aut
910 . ‡aABE340 ‡b3205
995 . ‡aska
901 . ‡a49915 ‡bAUTOGEN ‡c49915 ‡tbiblio

Additional Resources